<?xml version="1.0" encoding="UTF-8"?>
<record
    xmlns:xsi="http://www.w3.org/2001/XMLSchema-instance"
    xsi:schemaLocation="http://www.loc.gov/MARC21/slim http://www.loc.gov/standards/marcxml/schema/MARC21slim.xsd"
    xmlns="http://www.loc.gov/MARC21/slim">

  <leader>01482nam a2200373 i 4500</leader>
  <controlfield tag="001">xx005914980</controlfield>
  <controlfield tag="003">NUKAT</controlfield>
  <controlfield tag="005">20260325181637.0</controlfield>
  <controlfield tag="008">260325s1882    pl a         |000 0 pol c</controlfield>
  <datafield tag="035" ind1=" " ind2=" ">
    <subfield code="a">(NUKAT)xx005914980</subfield>
  </datafield>
  <datafield tag="040" ind1=" " ind2=" ">
    <subfield code="a">OLSZT 008/LL</subfield>
    <subfield code="b">pol</subfield>
    <subfield code="e">rda</subfield>
    <subfield code="c">OLSZT 008/LL</subfield>
    <subfield code="d">OLSZT 008/LL</subfield>
  </datafield>
  <datafield tag="046" ind1=" " ind2=" ">
    <subfield code="k">1882</subfield>
  </datafield>
  <datafield tag="245" ind1="0" ind2="0">
    <subfield code="a">Zbiorek modlitw dla cz&#x142;onk&#xF3;w Apostolstwa Serca Jezusowego /</subfield>
    <subfield code="c">zebra&#x142; i u&#x142;o&#x17C;y&#x142; M. Mycielski T. J.</subfield>
  </datafield>
  <datafield tag="250" ind1=" " ind2=" ">
    <subfield code="a">Wydanie pi&#x105;te pomno&#x17C;one (dla niewiast).</subfield>
  </datafield>
  <datafield tag="260" ind1=" " ind2=" ">
    <subfield code="a">W Krakowie :</subfield>
    <subfield code="b">nak&#x142;adem X. Micha&#x142;a Mycielskiego T.J.,</subfield>
    <subfield code="c">1882</subfield>
    <subfield code="e">(W Krak&#xF3;wie :</subfield>
    <subfield code="f">w Drukarni "Czasu" pod zarz. J&#xF3;zefa &#x141;akoci&#x144;skiego).</subfield>
  </datafield>
  <datafield tag="300" ind1=" " ind2=" ">
    <subfield code="a">192 strony :</subfield>
    <subfield code="b">ilustracje ;</subfield>
    <subfield code="c">15 cm.</subfield>
  </datafield>
  <datafield tag="336" ind1=" " ind2=" ">
    <subfield code="a">Tekst</subfield>
    <subfield code="b">txt</subfield>
    <subfield code="2">rdacontent</subfield>
  </datafield>
  <datafield tag="337" ind1=" " ind2=" ">
    <subfield code="a">Bez urz&#x105;dzenia po&#x15B;rednicz&#x105;cego</subfield>
    <subfield code="b">n</subfield>
    <subfield code="2">rdamedia</subfield>
  </datafield>
  <datafield tag="338" ind1=" " ind2=" ">
    <subfield code="a">Wolumin</subfield>
    <subfield code="b">nc</subfield>
    <subfield code="2">rdacarrier</subfield>
  </datafield>
  <datafield tag="380" ind1=" " ind2=" ">
    <subfield code="a">Ksi&#x105;&#x17C;ki</subfield>
  </datafield>
  <datafield tag="380" ind1=" " ind2=" ">
    <subfield code="a">Publikacje religijne</subfield>
  </datafield>
  <datafield tag="388" ind1="1" ind2=" ">
    <subfield code="a">1801-1900</subfield>
  </datafield>
  <datafield tag="500" ind1=" " ind2=" ">
    <subfield code="a">Miejsce druku wed&#x142;ug siedziby drukarni.</subfield>
  </datafield>
  <datafield tag="610" ind1="2" ind2="7">
    <subfield code="a">Apostolstwo Modlitwy</subfield>
    <subfield code="v">modlitewniki.</subfield>
    <subfield code="2">kaba</subfield>
    <subfield code="9">38983</subfield>
  </datafield>
  <datafield tag="650" ind1=" " ind2="7">
    <subfield code="a">Modlitewniki katolickie polskie</subfield>
    <subfield code="y">19 w.</subfield>
    <subfield code="2">kaba</subfield>
    <subfield code="9">36202</subfield>
  </datafield>
  <datafield tag="650" ind1=" " ind2="7">
    <subfield code="a">Duchowo&#x15B;&#x107; katolicka</subfield>
    <subfield code="2">DBN</subfield>
    <subfield code="9">37278</subfield>
  </datafield>
  <datafield tag="650" ind1=" " ind2="7">
    <subfield code="a">Katolicyzm</subfield>
    <subfield code="2">DBN</subfield>
    <subfield code="9">35191</subfield>
  </datafield>
  <datafield tag="655" ind1=" " ind2="4">
    <subfield code="a">Modlitewniki polskie.</subfield>
    <subfield code="2">kaba</subfield>
    <subfield code="9">5982</subfield>
  </datafield>
  <datafield tag="655" ind1=" " ind2="7">
    <subfield code="a">Modlitewnik</subfield>
    <subfield code="2">DBN</subfield>
    <subfield code="9">36203</subfield>
  </datafield>
  <datafield tag="658" ind1=" " ind2=" ">
    <subfield code="a">Religia i duchowo&#x15B;&#x107;</subfield>
  </datafield>
  <datafield tag="700" ind1="1" ind2=" ">
    <subfield code="a">Mycielski, Micha&#x142;</subfield>
    <subfield code="d">(1826-1906).</subfield>
    <subfield code="e">Redakcja</subfield>
    <subfield code="e">Nak&#x142;adca</subfield>
    <subfield code="9">38982</subfield>
  </datafield>
  <datafield tag="710" ind1="2" ind2=" ">
    <subfield code="a">Drukarnia "Czasu" (Krak&#xF3;w).</subfield>
    <subfield code="e">Druk</subfield>
    <subfield code="4">prt</subfield>
    <subfield code="9">1286</subfield>
  </datafield>
  <datafield tag="942" ind1=" " ind2=" ">
    <subfield code="2">ddc</subfield>
    <subfield code="c">BK_NM</subfield>
  </datafield>
  <datafield tag="999" ind1=" " ind2=" ">
    <subfield code="c">27269</subfield>
    <subfield code="d">27269</subfield>
  </datafield>
  <datafield tag="952" ind1=" " ind2=" ">
    <subfield code="0">0</subfield>
    <subfield code="1">0</subfield>
    <subfield code="2">ddc</subfield>
    <subfield code="4">0</subfield>
    <subfield code="7">0</subfield>
    <subfield code="8">PBKH</subfield>
    <subfield code="a">BIP</subfield>
    <subfield code="b">PBKH</subfield>
    <subfield code="d">2026-03-25</subfield>
    <subfield code="e">K-40/1969</subfield>
    <subfield code="f">K</subfield>
    <subfield code="i">12892</subfield>
    <subfield code="l">0</subfield>
    <subfield code="o">12892</subfield>
    <subfield code="p">IPWK16515</subfield>
    <subfield code="r">2026-03-25 18:18:48</subfield>
    <subfield code="w">2026-03-25</subfield>
    <subfield code="y">BK_NM</subfield>
  </datafield>
</record>
